An assessment of the readiness for 5g technologies in zimbabwe/ (Record no. 168326)

MARC details
000 -LEADER
fixed length control field 00785nam a2200241 a 4500
008 - FIXED-LENGTH DATA ELEMENTS--GENERAL INFORMATION
fixed length control field
049 ## - LOCAL HOLDINGS (OCLC)
Holding library MAIN
090 ## - LOCALLY ASSIGNED LC-TYPE CALL NUMBER (OCLC); LOCAL CALL NUMBER (RLIN)
Classification number (OCLC) (R) ; Classification number, CALL (RLIN) (NR) TK7871.99.M44
Local cutter number (OCLC) ; Book number/undivided call number, CALL (RLIN) JOK
003 - CONTROL NUMBER IDENTIFIER
control field
005 - DATE AND TIME OF LATEST TRANSACTION
control field 20230123141133.0
040 ## - CATALOGING SOURCE
Transcribing agency NUST
100 1# - MAIN ENTRY--PERSONAL NAME
Personal name Jokonya. Chipo.
245 10 - TITLE STATEMENT
Title An assessment of the readiness for 5g technologies in zimbabwe/
Statement of responsibility, etc. Chipo Jokonya.
260 ## - PUBLICATION, DISTRIBUTION, ETC.
Place of publication, distribution, etc. Bulawayo :
Name of publisher, distributor, etc. NUST,
Date of publication, distribution, etc. 2018.
300 ## - PHYSICAL DESCRIPTION
Extent viii, 90 p. :
Other physical details ill. ;
Dimensions 30 cm.
504 ## - BIBLIOGRAPHY, ETC. NOTE
Bibliography, etc. note Includes bibliographical references.
500 ## - GENERAL NOTE
General note Dissertation (MSc)---NUST, 2018.
650 ## - SUBJECT ADDED ENTRY--TOPICAL TERM
Topical term or geographic name entry element Wirelesss communication systems.
650 #1 - SUBJECT ADDED ENTRY--TOPICAL TERM
Topical term or geographic name entry element 5g Technologies.
700 ## - ADDED ENTRY--PERSONAL NAME
Personal name NUST.
Numeration Dept. of Computer Science.
Title of a work Dissertation.
907 ## - LOCAL DATA ELEMENT G, LDG (RLIN)
a .b10395817
b 23-01-19
c 18-12-18
942 ## - ADDED ENTRY ELEMENTS (KOHA)
Koha item type Ordinary Loan Books
Call number prefix TK7871.99.M44
Call number suffix JOK
Holdings
Date last seen Total Checkouts Full call number Barcode Cost, replacement price Price effective from Koha item type Lost status Source of classification or shelving scheme Damaged status Not for loan Collection Withdrawn status Home library Current library Shelving location Date acquired Cost, normal purchase price
01/23/2023   TK7871.99.M44 JOK 92004046060 80.00 01/23/2023 BOOKS   LCC     NFIC   MAIN MAIN GEN 01/23/2023 80.00